Технология фторирования полимеров; Ядерная энергетика: технология, безопасность, экология, экономика, управление

Bibliografske podrobnosti
Parent link:Ядерная энергетика: технология, безопасность, экология, экономика, управление.— 2010.— [С. 33]
Drugi avtorji: Елькин А., Харитонов А. П.
Izvleček:Заглавие с экрана.
Электронная версия печатной публикации
Jezik:ruščina
Izdano: 2010
Teme:
Online dostop:http://www.lib.tpu.ru/fulltext/v/Conferences/2010/K03/03011.pdf
Format: MixedMaterials Elektronski Book Chapter
KOHA link:https://koha.lib.tpu.ru/cgi-bin/koha/opac-detail.pl?biblionumber=206740

MARC

LEADER 00000naa2a2200000 4500
001 206740
005 20260203133217.0
035 |a (RuTPU)RU\TPU\book\225431 
035 |a RU\TPU\book\225413 
090 |a 206740 
100 |a 20120116d2010 k y0rusy50 ca 
101 0 |a rus 
102 |a RU 
135 |a drnn ---uucaa 
181 0 |a i  
182 0 |a b 
200 1 |a Технология фторирования полимеров  |f А. Елькин, А. П. Харитонов 
203 |a Текст  |c электронный 
215 |a 1 файл (477 Кб) 
300 |a Заглавие с экрана. 
300 |a Электронная версия печатной публикации 
337 |a Adobe Reader 
463 1 |0 (RuTPU)RU\TPU\book\224752  |t Ядерная энергетика: технология, безопасность, экология, экономика, управление  |o сборник научных трудов I Всероссийской научно-практической конференции молодых атомщиков Сибири, Томск, 19-25 сентября 2010 г.  |f Национальный исследовательский Томский политехнический университет (ТПУ)  |v [С. 33]  |d 2010 
610 1 |a полимеры 
610 1 |a фторирование 
610 1 |a технологии 
610 1 |a электронный ресурс 
701 1 |a Елькин  |b А. 
701 1 |a Харитонов  |b А. П. 
801 1 |a RU  |b 63413507  |c 20120113 
801 2 |a RU  |b 63413507  |c 20120424  |g RCR 
856 4 |u http://www.lib.tpu.ru/fulltext/v/Conferences/2010/K03/03011.pdf 
942 |c CF